000 01024nas a2200337 4500
001 BR0600235
003 BR-BrBNA
005 20231205105801.0
007 ta
008 230509b bl.|||p| |||| 00| 00por d
040 _aBR-BrBNA
_bpor
_cBiblioteca Nacional de Agricultura
041 _a(Pt)
072 _aF61; H50
100 1 _aSouza, E.R.B. de
100 1 _aBorges, J.D.
100 1 _aLeandro, W.M.
100 1 _aOliveira Júnior, J.P. de
100 1 _aOliveira, I.P. de
100 1 _aXimenes, P.A.
100 1 _aCarneiro, M. de F.
100 1 _aBarros, R.G.
245 1 _aTeores de metais tóxicos nas folhas de plantas de milho fertilizadas com lodo de curtume
650 _aMILHO
650 _aLODO RESIDUAL
650 _aMETAL PESADO
650 _aABSORÇÃO DE NUTRIENTES
650 _aFITOTOXICIDADE
773 0 _tPesquisa Agropecuária Tropical (Brazil)
_xISSN 1517-6398
_g(May-Aug 2005), v. 35(2) p. 117-122
_wBR0600235
909 _a202311
_bLúcia
_c55
_dLúcia Elande
942 _2AGRIS
_n0
_cANA
999 _c184654
_d184654